000 00808nam a2200241Ia 4500
003 GCL
008 140319s9999 xx 000 0 ara d
040 _aGCL /
_cGCL
082 0 4 _a336.2426
_bع و
100 1 _aعادل احمد حشيش
245 1 0 _aالوسيط فى الضرائب على الدخل : المعاملة الضريبية لدخول الاشخاص الطبيعين . /
_cعادل احمد حشيش
260 _a[S.N] :
_bدار الجامعات المصرية
300 _a710 ص
490 _a
650 0 4 _aالاقتصاد
650 0 4 _aالضرائب
650 0 4 _aضرائب الدخل
650 0 4 _aالمالية العامة
650 0 4 _aالارباح التجارية
650 0 4 _aالاعفاءات الضريبية
650 0 4 _aالدخل
942 _2ddc
_cBK
999 _c33425
_d33425